Meditación del pueblo joven

Guardat en:
Dades bibliogràfiques
Format: Llibre
Idioma:espanyol
Publicat: Madrid Espasa-Calpe 1964
Col·lecció:Colección austral, 1354
Matèries:
Etiquetes: Afegir etiqueta
Sense etiquetes, Sigues el primer a etiquetar aquest registre!

MARC

LEADER 00000nam a2200000 a 4500
001 UCV8479
003 CL-VaPUC
008 910819e19640000SP |||||||||||||||||spa|d
082 0 4 |a 196.1  |b ORT  |2 21 
245 1 0 |a Meditación del pueblo joven 
300 |a 164 p 
942 |c BK 
945 |d 19910819 00:00:00 
260 |a Madrid  |b Espasa-Calpe  |c 1964 
650 0 |a Filosofía española   |9 254895 
583 |a last modification  |c 19910819 00:00:00  |k Rodrigo Vera 
490 0 |a Colección austral, 1354 
999 |c 213991  |d 213989 
952 |0 0  |1 0  |2 ddc  |4 0  |6 196_100000000000000_ORT_1964  |7 0  |8 A  |9 196959  |a BIBARQ  |b BIBARQ  |c PAC  |d 2019-11-14  |i 2647141  |o 196.1 ORT 1964  |p 2647141  |r 2025-01-20  |w 2019-11-14  |y BK  |k ARQ 
952 |0 0  |1 0  |4 0  |6 196_100000000000000_ORT_1964  |7 0  |8 A  |9 196960  |a BIBEDU  |b BIBEDU  |d 2019-11-14  |i 1561804  |o 196.1 ORT 1964  |p 1561804  |r 2019-11-14  |w 2019-11-14  |y BK  |k FIL